|
|
|
|
| LEADER |
00000nas a2200000 a 4500 |
| 001 |
ssj0000780154 |
| 003 |
WaSeSS |
| 005 |
20200512172242.0 |
| 006 |
m d |
| 007 |
cr n |
| 008 |
120125c20129999enkuu p s 0 0eng |
| 010 |
|
|
|a 2012243780
|
| 016 |
7 |
|
|a 101576971
|2 DNLM
|
| 022 |
|
|
|a 2253-2447
|l 2253-2447
|
| 035 |
|
|
|a (WaSeSS)ssj0000780154
|
| 040 |
|
|
|a NLM
|b eng
|c NLM
|d CUS
|d OCLCF
|d OCLCO
|d COO
|d CUS
|d OCLCQ
|d OCLCO
|d OCLCQ
|d OCLCO
|d CASUM
|d OCLCO
|d OCLCQ
|d OCLCO
|d OCLCA
|d U3W
|d WaSeSS
|
| 042 |
|
|
|a pcc
|
| 050 |
1 |
4 |
|a RC870
|
| 060 |
1 |
0 |
|a W1
|
| 210 |
0 |
|
|a Res. rep. urol.
|
| 222 |
|
0 |
|a Research and reports in urology
|
| 245 |
0 |
0 |
|a Research and reports in urology
|h [electronic resource].
|
| 260 |
|
|
|a Macclesfield, UK :
|b Dove Medical Press
|
| 362 |
1 |
|
|a Began with 2012:4 9-15.
|
| 506 |
|
|
|a License restrictions may limit access.
|
| 515 |
|
|
|a Articles added irregularly during the year and collected into annual issues.
|
| 588 |
|
|
|a Description based on: 2012:4 9-15; title from PDF caption (viewed Dec. 7, 2012).
|
| 588 |
|
|
|a Latest issue consulted: 2012:4 71-76 (viewed Dec. 7, 2012).
|
| 650 |
|
0 |
|a Urology
|v Periodicals.
|
| 650 |
1 |
2 |
|a Urologic Diseases.
|
| 650 |
2 |
2 |
|a Urology.
|
| 650 |
|
7 |
|a Urology.
|2 fast
|0 (OCoLC)fst01163033
|
| 655 |
|
0 |
|a Electronic journals.
|
| 780 |
0 |
0 |
|t Open access journal of urology
|x 1179-1551
|w (DLC) 2011243720
|w (OCoLC)528648574
|
| 850 |
|
|
|a DNLM
|
| 856 |
4 |
0 |
|z Full text available from Research Library: 01/01/2009 to present
|u https://search.proquest.com/publication/3933280
|